Library Banner

Cognitive therapy of personality disorders / (Record no. 81423)

MARC details
000 -LEADER
fixed length control field 00572nam a2200205Ia 4500
001 - CONTROL NUMBER
control field 70373
005 - DATE AND TIME OF LATEST TRANSACTION
control field 20170117103239.0
008 - FIXED-LENGTH DATA ELEMENTS--GENERAL INFORMATION
fixed length control field 160116s9999||||xx |||||||||||||| ||und||
020 ## - INTERNATIONAL STANDARD BOOK NUMBER
International Standard Book Number 9781462517923
040 ## - CATALOGING SOURCE
Transcribing agency PK-LaUMT
082 ## - DEWEY DECIMAL CLASSIFICATION NUMBER
Classification number 616.858 COG-
Item number COG-
245 ## - TITLE STATEMENT
Title Cognitive therapy of personality disorders /
Statement of responsibility, etc edited by Aaron T. Beck, Denise D. Davis, and Arthur Freeman
250 ## - EDITION STATEMENT
Edition statement 3rd
260 ## - PUBLICATION, DISTRIBUTION, ETC. (IMPRINT)
Place of publication, distribution, etc New York,USA:
Name of publisher, distributor, etc The Guilford Press,
Date of publication, distribution, etc 2015
300 ## - PHYSICAL DESCRIPTION
Extent 506 p.
546 ## - LANGUAGE NOTE
Language note EN
700 ## - ADDED ENTRY--PERSONAL NAME
Personal name Davis, Denise D.
700 ## - ADDED ENTRY--PERSONAL NAME
Personal name Freeman, Arthur
942 ## - ADDED ENTRY ELEMENTS (KOHA)
Koha item type Books
Holdings
Withdrawn status Lost status Damaged status Home library Current library Date acquired Full call number Barcode Date last seen Price effective from Koha item type Copy number
      UMT Main Campus UMT Main Campus 2015-01-18 616.858 COG- COG- 97323 2019-12-05 2016-01-18 Books  
      UMT Main Campus UMT Main Campus 2016-02-26 616.858 COG- 97516 2020-03-05 2016-02-26 Books C. 2